Online Catalogue and eLibrary

Women characters in Se. Ganesalingan's recent novels- a feminine approach (Record no. 3878)

MARC details
000 -LEADER
fixed length control field 00475nam a2200169Ia 4500
005 - DATE AND TIME OF LATEST TRANSACTION
control field 20250508064329.0
008 - FIXED-LENGTH DATA ELEMENTS--GENERAL INFORMATION
fixed length control field 240331s9999 xx 000 0 und d
020 ## - INTERNATIONAL STANDARD BOOK NUMBER
ISBN 9559429639
082 ## - DDC Classification
Item Number - Author Mark HAQ
Class No. 894
DDC Edition Number 6915
100 ## - MAIN ENTRY--PERSONAL NAME
Personal name Haq,L.A
245 #0 - TITLE STATEMENT
Title Women characters in Se. Ganesalingan's recent novels- a feminine approach
Statement of responsibility, etc. S. Ganeshalingan
260 ## - PUBLICATION, DISTRIBUTION, ETC.
Place of publication, distribution, etc. Chennai
Name of publisher, distributor, etc. Kumaran Publishers
Date of publication, distribution, etc. 2005
300 ## - PHYSICAL DESCRIPTION
Extent (e.g. Volumes, Pages etc.) 105 p .,
650 ## - SUBJECT ADDED ENTRY--TOPICAL TERM
Topical term or geographic name entry element Woman
650 ## - SUBJECT ADDED ENTRY--TOPICAL TERM
Topical term or geographic name entry element feminine approach
942 ## - Koha item type (Biblio)
Koha item type Books in Stacks (Lending)
Holdings
Lost status Damaged status Collection code Home library Current library Shelving location Date acquired Full call number Accession Number Item type
    Lending WERC Library WERC Library Social Science Cupboard 03/31/2024 305.4 HAQ 5876 Books in Stacks (Lending)

© WERC Library